[Event "Spanish Women's Championship"]
[Site "Linares"]
[Date "2017.08.21"]
[Round "1"]
[White "Matnadze, Ana"]
[Black "Sosa Suarez, Carla Cristina"]
[Result "1-0"]
[WhiteTitle "IM"]
[WhiteElo "2389"]
[BlackElo "1911"]
[Board "1"]
[WhiteCountry "ESP"]
[WhiteFideId "13601377"]
[WhiteEloChange "2"]
[BlackCountry "ESP"]
[BlackFideId "24536350"]
[BlackEloChange "-2"]

1. d4 e6 2. c4 Nf6 3. Nf3 b6 4. g3 c6 5. Bg2 d5 6. Ne5 Be7 7. O-O O-O 8.
Qc2 Ba6 9. Rd1 Bb7 10. b3 Na6 11. a3 Rc8 12. b4 c5 13. dxc5 bxc5 14. b5 Nb8
15. Bb2 Qc7 16. e3 Rfd8 17. Nd2 Ne8 18. f4 Nd6 19. a4 Nf5 20. Nf1 f6 21.
Nc6 Bxc6 22. bxc6 d4 23. exd4 Nxd4 24. Bxd4 cxd4 25. Qe2 e5 26. Bd5+ Kh8
27. fxe5 fxe5 28. Be6 Bc5 29. Qg2 Nxc6 30. Bxc8 Rxc8 31. Nd2 d3+ 32. Kh1
Bd4 33. Rab1 Na5 34. Qe4 g6 35. Rdc1 Rf8 36. Rf1 Rxf1+ 37. Rxf1 Qb7 38. Rf3
Qxe4 39. Nxe4 Nxc4 40. Rxd3 Nb2 41. Ra3 Nc4 42. Rb3 Na5 43. Rb5 Nc6 44. Rb7
Na5 45. Rc7 Kg8 46. Kg2 h6 47. Kf3 Nb3 48. h4 Bb6 49. Nf6+ Kf8 50. Nd7+ Kg8
51. Nxb6 axb6 52. Ke4 Nc5+ 53. Rxc5 bxc5 54. a5 1-0

[Event "Spanish Women's Championship"]
[Site "Linares"]
[Date "2017.08.21"]
[Round "1"]
[White "Beltran Ortiz, Edda Georgina"]
[Black "Vega Gutierrez, Sabrina"]
[Result "0-1"]
[BlackTitle "IM"]
[WhiteElo "1906"]
[BlackElo "2369"]
[Board "2"]
[WhiteCountry "ESP"]
[WhiteFideId "2257807"]
[WhiteEloChange "-2"]
[BlackCountry "ESP"]
[BlackFideId "2219026"]
[BlackEloChange "2"]

1. e4 c5 2. Nf3 e6 3. d4 cxd4 4. Nxd4 Nc6 5. Nc3 a6 6. Be3 Nf6 7. f4 d6 8.
Be2 Be7 9. O-O O-O 10. Kh1 Bd7 11. g4 Nxd4 12. Bxd4 Bc6 13. Bd3 Nd7 14. f5
Bf6 15. Bxf6 Qxf6 16. Qe1 Rae8 17. Qg3 exf5 18. Nd5 Qxb2 19. gxf5 Bxd5 20.
exd5 Qe5 21. Qg2 Qf6 22. a4 Nc5 23. Rab1 Re5 24. a5 Nxd3 25. cxd3 Rxf5 26.
Rxf5 Qxf5 27. Qe4 Qh3 28. Kg1 Rc8 29. Re1 g6 30. Rf1 Qd7 31. Re1 Rc5 32.
Qh4 Rxd5 33. Re7 Qf5 0-1

[Event "Spanish Women's Championship"]
[Site "Linares"]
[Date "2017.08.21"]
[Round "1"]
[White "Calzetta Ruiz, Monica"]
[Black "Guillo Longares, Cecilia"]
[Result "1-0"]
[WhiteTitle "WGM"]
[WhiteElo "2288"]
[BlackElo "1899"]
[Board "3"]
[WhiteCountry "ESP"]
[WhiteFideId "2204185"]
[WhiteEloChange "2"]
[BlackCountry "ESP"]
[BlackFideId "32082681"]
[BlackEloChange "-2"]

1. e4 c5 2. Nf3 Nc6 3. d4 cxd4 4. Nxd4 g6 5. c4 Bg7 6. Be3 Nf6 7. Nc3 O-O
8. Be2 d6 9. O-O Bd7 10. h3 Nxd4 11. Bxd4 Bc6 12. Qc2 a5 13. Rfd1 Nd7 14.
Be3 Qc7 15. Rac1 Rfc8 16. Bg4 h5 17. Bxd7 Qxd7 18. Qd3 Qe8 19. b3 Bxc3 20.
Rxc3 b5 21. cxb5 Bxb5 22. Qd4 Rxc3 23. Bh6 f6 24. Qxc3 g5 25. h4 Qg6 26.
hxg5 fxg5 27. Rd5 Qxh6 28. Rxb5 g4 29. Qc6 Kg7 30. g3 Rf8 31. Qc3+ e5 32.
Rxa5 Qf6 33. Ra7+ Kh8 34. Qe3 h4 35. b4 d5 36. exd5 e4 37. Rb7 Kg8 38. gxh4
Qxh4 39. d6 Rf3 40. Rb8+ Kh7 41. Qxe4+ Kg7 42. Qe7+ 1-0

[Event "Spanish Women's Championship"]
[Site "Linares"]
[Date "2017.08.21"]
[Round "1"]
[White "Vicens Company, Maria Antonia"]
[Black "Hernandez Estevez, Yudania"]
[Result "1/2-1/2"]
[BlackTitle "WIM"]
[WhiteElo "1838"]
[BlackElo "2211"]
[Board "4"]
[WhiteCountry "ESP"]
[WhiteFideId "2280680"]
[WhiteEloChange "8"]
[BlackCountry "ESP"]
[BlackFideId "2219344"]
[BlackEloChange "-8"]

1. e4 c6 2. d4 d5 3. Nd2 dxe4 4. Nxe4 Bf5 5. Ng3 Bg6 6. Nf3 Nd7 7. h4 h6 8.
Bd3 Bxd3 9. Qxd3 e6 10. Bd2 Ngf6 11. O-O-O Qc7 12. Ne4 O-O-O 13. g3 Nc5 14.
Nxc5 Bxc5 15. Bf4 Bd6 16. Bxd6 Rxd6 17. Qe2 Rhd8 18. Rd3 Kb8 19. Rhd1 Rd5
20. Kb1 Kc8 21. Ne1 Qb6 22. c3 Qa6 23. f3 Ra5 24. a3 Nd5 25. R3d2 Qxe2 26.
Rxe2 Rxa3 27. Kc2 Ra5 28. Nd3 Nc7 29. Ne5 f6 30. Nd3 Rad5 31. Nf4 R5d6 32.
Rde1 Re8 33. g4 g5 34. hxg5 hxg5 35. Nh5 Rf8 36. f4 gxf4 37. Nxf4 Kd7 38.
Rh1 Rf7 39. Rh6 Nd5 40. Nh5 b5 41. Rh8 f5 42. g5 Ne7 43. Nf6+ Kc7 44. Ne8+
Kd7 45. Nf6+ Kc7 46. Ne8+ 1/2-1/2

[Event "Spanish Women's Championship"]
[Site "Linares"]
[Date "2017.08.21"]
[Round "1"]
[White "Vega Gutierrez, Belinda"]
[Black "Garreta Nieto, Maria"]
[Result "1-0"]
[WhiteTitle "WIM"]
[WhiteElo "2178"]
[BlackElo "1771"]
[Board "5"]
[WhiteCountry "ESP"]
[WhiteFideId "2229994"]
[WhiteEloChange "2"]
[BlackCountry "ESP"]
[BlackFideId "32024819"]
[BlackEloChange "-2"]

1. e4 c6 2. Nc3 d5 3. Qf3 dxe4 4. Nxe4 e6 5. Bc4 Be7 6. Qg3 g6 7. h4 Nf6 8.
Nxf6+ Bxf6 9. Nf3 Nd7 10. d4 Nb6 11. Bd3 Bd7 12. h5 Qe7 13. Qc7 Bc8 14. Qg3
Bd7 15. Bd2 O-O-O 16. O-O-O Nd5 17. Ne5 Rdf8 18. a3 Bxe5 19. dxe5 Qc5 20.
Kb1 b5 21. Rh4 Qb6 22. Rdh1 gxh5 23. Rxh5 Rfg8 24. Qf3 Rg7 25. g3 b4 26.
axb4 Nxb4 27. Rxh7 Rhxh7 28. Rxh7 Nxd3 29. Rh8+ Kc7 30. Qxd3 c5 31. Qa3 Kb7
32. Be3 Qb5 33. Bxc5 Qf1+ 34. Ka2 Qc4+ 35. Qb3+ Qxb3+ 36. Kxb3 Bc6 37. c4
Be4 38. Kc3 a6 39. b4 Rg5 40. Bd4 Rg7 41. Re8 1-0

[Event "Spanish Women's Championship"]
[Site "Linares"]
[Date "2017.08.21"]
[Round "1"]
[White "Gallego Sosa, Clara"]
[Black "Garcia Vicente, Nieves"]
[Result "0-1"]
[BlackTitle "WIM"]
[WhiteElo "1729"]
[BlackElo "2137"]
[Board "6"]
[WhiteCountry "ESP"]
[WhiteFideId "22259252"]
[WhiteEloChange "-2"]
[BlackCountry "ESP"]
[BlackFideId "2201542"]
[BlackEloChange "2"]

1. e4 Nf6 2. e5 Nd5 3. c4 Nb6 4. Nc3 d6 5. exd6 exd6 6. d4 Nc6 7. Be3 Be7
8. Bd3 Bf6 9. Nge2 O-O 10. O-O Nb4 11. Ng3 Nxd3 12. Qxd3 d5 13. b3 c6 14.
c5 Nd7 15. Rad1 Re8 16. Nf5 Nxc5 17. dxc5 Bxf5 18. Qxf5 Bxc3 19. Rd3 g6 20.
Qg4 Bg7 21. Rfd1 Qc8 22. Qg3 Qe6 23. f3 Rac8 24. b4 a6 25. a4 Be5 26. Qf2
Bf6 27. Rb1 Qf5 28. Rdb3 h5 29. b5 axb5 30. axb5 Red8 31. Rd1 Rd7 32. b6
Ra8 33. Qe2 d4 34. Rbd3 Qxc5 35. Rb1 Re8 36. Rbd1 Rde7 37. Qa2 dxe3 38. Kh1
e2 39. Re1 Qb4 0-1

[Event "Spanish Women's Championship"]
[Site "Linares"]
[Date "2017.08.21"]
[Round "1"]
[White "Perera Borrego, Maria Adela"]
[Black "Rodriguez Redondo, Adhara"]
[Result "1/2-1/2"]
[WhiteTitle "WFM"]
[WhiteElo "2116"]
[BlackElo "1726"]
[Board "7"]
[WhiteCountry "ESP"]
[WhiteFideId "22238255"]
[WhiteEloChange "-8"]
[BlackCountry "ESP"]
[BlackFideId "32065698"]
[BlackEloChange "8"]

1. d4 d5 2. Nf3 c5 3. c3 e6 4. Bf4 Nf6 5. e3 Nc6 6. Nbd2 Be7 7. Bd3 O-O 8.
Ne5 cxd4 9. exd4 Bd6 10. O-O Qc7 11. Re1 b6 12. Qf3 Bb7 13. Qh3 g6 14. Bh6
Nxe5 15. dxe5 Bxe5 16. Bxf8 Rxf8 17. Nf3 Bd6 18. Qh4 Nh5 19. Bf1 e5 20. g4
Nf4 21. Rac1 f6 22. b4 Rf7 23. a3 g5 24. Nxg5 fxg5 25. Qxg5+ Rg7 26. Qh4 h5
27. f3 e4 28. h3 Qd7 29. c4 exf3 30. c5 bxc5 31. bxc5 Bc7 32. c6 Bxc6 33.
Qf6 Rg6 34. Qh4 Bd8 35. Qg3 Qf7 36. Rxc6 Rxc6 37. gxh5+ Kh7 38. Qxf3 Rf6
39. Kh1 Nxh5 40. Bd3+ Kh8 41. Qg4 Bb6 42. Qc8+ Kg7 43. Qg4+ Kh6 44. h4 Qg7
45. Qg5+ Qxg5 46. hxg5+ Kxg5 47. Re5+ Kh6 48. Rxd5 Nf4 49. Rf5 Rxf5 50.
Bxf5 Kg5 51. Bc8 a5 52. Kh2 Ne2 53. Bd7 Kf4 54. Kg2 Ke3 55. Kf1 Kd2 56. Be8
Nc3 57. Bd7 Be3 58. Bc6 Kc2 59. a4 Kb3 60. Ke1 Kb4 61. Be8 Bh6 62. Bd7 Nxa4
63. Kd1 Nc3+ 64. Kc2 Nb5 65. Kb2 a4 66. Ka2 Bg7 67. Kb1 a3 68. Be6 Nc3+ 69.
Kc2 Na4 70. Bf7 Nb2 71. Ba2 Na4 72. Bf7 Nc3 73. Bg8 Bf6 74. Bf7 Ne4 75. Bd5
Nd6 76. Kd3 Bb2 77. Bg8 Bc3 78. Ba2 Nf5 79. Ke4 Nd4 80. Kd3 Nb3 81. Kc2
Na1+ 82. Kd3 Bb2 83. Kd2 Nb3+ 84. Kc2 Nc1 85. Bf7 1/2-1/2

[Event "Spanish Women's Championship"]
[Site "Linares"]
[Date "2017.08.21"]
[Round "1"]
[White "Ruiz de Leon Merlo, Esther"]
[Black "Prado Acebo, Ines"]
[Result "0-1"]
[BlackTitle "WFM"]
[WhiteElo "1696"]
[BlackElo "2107"]
[Board "8"]
[WhiteCountry "ESP"]
[WhiteFideId "22274553"]
[WhiteEloChange "-2"]
[BlackCountry "ESP"]
[BlackFideId "22251235"]
[BlackEloChange "2"]

1. e4 e6 2. d4 d5 3. e5 c5 4. c3 Nc6 5. Nf3 Qb6 6. a3 f6 7. b4 c4 8. Be2 a5
9. Bb2 Nge7 10. O-O fxe5 11. Nxe5 Nxe5 12. dxe5 Nc6 13. Re1 Bc5 14. Bh5+ g6
15. Re2 Bf8 16. Bf3 Bg7 17. g3 O-O 18. Bg2 Nxe5 19. Ra2 Nd3 20. Bc1 axb4
21. cxb4 Bd7 22. a4 Nxb4 23. a5 Rxa5 24. Rxa5 Qxa5 25. Ba3 Rf7 26. Qe1 c3
27. Bh3 Nd3 28. Qf1 Qb6 29. Rc2 Nxf2 0-1

[Event "Spanish Women's Championship"]
[Site "Linares"]
[Date "2017.08.21"]
[Round "1"]
[White "Gil Quilez, Sonia"]
[Black "Roces Heres, Sara"]
[Result "1-0"]
[WhiteTitle "WFM"]
[WhiteElo "2057"]
[BlackElo "1567"]
[Board "9"]
[WhiteCountry "ESP"]
[WhiteFideId "2263980"]
[WhiteEloChange "2"]
[BlackCountry "ESP"]
[BlackFideId "24526282"]
[BlackEloChange "-2"]

1. d4 d5 2. c4 c6 3. Nc3 Nf6 4. e3 Bf5 5. Qb3 Qb6 6. c5 Qxb3 7. axb3 e6 8.
b4 Be7 9. b5 O-O 10. Nf3 a6 11. Ne5 Ng4 12. Nd3 cxb5 13. Nxb5 Nc6 14. Nc3
Rfd8 15. f3 Nf6 16. f4 Ne4 17. Bd2 f6 18. Nxe4 Bxe4 19. Nf2 e5 20. Nxe4
dxe4 21. Bc4+ Kh8 22. d5 Nb8 23. d6 Bxd6 24. cxd6 Rxd6 25. fxe5 fxe5 26.
O-O Nc6 27. Bc3 Rad8 28. Rf7 R6d7 29. Raf1 h6 30. Be6 Rxf7 31. Rxf7 b5 32.
Rc7 Rd6 33. Bf5 Nd8 34. Bxe5 Rd5 35. Rc8 Kg8 36. Be6+ 1-0

[Event "Spanish Women's Championship"]
[Site "Linares"]
[Date "2017.08.21"]
[Round "1"]
[White "Gavira Valencia, Gizela"]
[Black "Redondo Benavente, Ana"]
[Result "0-1"]
[BlackTitle "WFM"]
[WhiteElo "1476"]
[BlackElo "2022"]
[Board "10"]
[WhiteCountry "ESP"]
[WhiteFideId "24519600"]
[WhiteEloChange "-2"]
[BlackCountry "ESP"]
[BlackFideId "32021674"]
[BlackEloChange "2"]

1. d4 d5 2. e3 e6 3. c4 c6 4. Nf3 f5 5. b3 Nh6 6. Be2 Nf7 7. Nc3 Nd7 8. Bb2
Bd6 9. Qc2 Nf6 10. cxd5 exd5 11. Bd3 Ne4 12. O-O-O O-O 13. h4 Qa5 14. Kb1
Bb4 15. Bxe4 fxe4 16. Ng5 Bf5 17. Na4 Rac8 18. Bc3 b6 19. Bxb4 Qxb4 20. Rc1
Nxg5 21. hxg5 Qe7 22. g4 Bg6 23. Rcg1 Qxg5 24. Qe2 c5 25. dxc5 bxc5 26. Qa6
d4 27. Qe6+ Bf7 28. Qd6 dxe3 29. Rxh7 Kxh7 30. Rh1+ Kg8 31. Qh2 Bh5 32.
gxh5 exf2 33. h6 f1=Q+ 34. Rxf1 Rxf1+ 35. Kc2 Qc1# 0-1

[Event "Spanish Women's Championship"]
[Site "Linares"]
[Date "2017.08.21"]
[Round "1"]
[White "Pablos Tenrero, Raquel"]
[Black "De la Fuente de la Fuente, Alba"]
[Result "1-0"]
[WhiteElo "2008"]
[BlackElo "1322"]
[Board "11"]
[WhiteCountry "ESP"]
[WhiteFideId "2216213"]
[WhiteEloChange "2"]
[BlackCountry "ESP"]
[BlackFideId "54512620"]
[BlackEloChange "-2"]

1. e4 e6 2. d4 d5 3. Nc3 Nf6 4. Bg5 dxe4 5. Nxe4 Be7 6. Bxf6 Bxf6 7. Nf3
Nd7 8. Bd3 O-O 9. h4 h6 10. g4 c5 11. g5 hxg5 12. hxg5 Bxd4 13. Nxd4 g6 14.
Nb3 Qc7 15. Nbxc5 Qa5+ 16. c3 f5 17. Nxd7 Bxd7 18. Nf6+ Kf7 19. Rh7# 1-0

[Event "Spanish Women's Championship"]
[Site "Linares"]
[Date "2017.08.21"]
[Round "1"]
[White "Perdigones Gomez, Mercedes"]
[Black "Redondo Arguelles, Graciela"]
[Result "0-1"]
[BlackTitle "WFM"]
[WhiteElo "1302"]
[BlackElo "1997"]
[Board "12"]
[WhiteCountry "ESP"]
[WhiteFideId "54538882"]
[WhiteEloChange "-2"]
[BlackCountry "ESP"]
[BlackFideId "2219824"]
[BlackEloChange "2"]

1. e4 e6 2. d4 d5 3. exd5 exd5 4. Bf4 Bd6 5. Qd2 Nf6 6. Nc3 c6 7. f3 O-O 8.
O-O-O b5 9. Kb1 a5 10. a4 b4 11. Bxd6 bxc3 12. Qf4 Nh5 13. Qe5 Re8 14. Qxh5
Qxd6 15. Ne2 Rxe2 16. Bxe2 Qb4 0-1

[Event "Spanish Women's Championship"]
[Site "Linares"]
[Date "2017.08.21"]
[Round "1"]
[White "Ortin Blanco, Ainhoa"]
[Black "Rodriguez Perez, Marta"]
[Result "1-0"]
[WhiteElo "1961"]
[BlackElo "1277"]
[Board "13"]
[WhiteCountry "ESP"]
[WhiteFideId "32010117"]
[WhiteEloChange "2"]
[BlackCountry "ESP"]
[BlackFideId "24541656"]
[BlackEloChange "-2"]

1. d4 Nf6 2. c4 e5 3. dxe5 Ng4 4. Nf3 Bc5 5. e3 Nc6 6. Nd4 Ngxe5 7. Nc3 O-O
8. Be2 Be7 9. O-O d6 10. f4 Nd7 11. Bf3 Nxd4 12. exd4 Nb6 13. b3 Bf6 14.
Bb2 c6 15. Qd2 d5 16. c5 Nd7 17. b4 b6 18. Ne2 Ba6 19. Rfc1 Bc4 20. Ng3 g6
21. Nf1 b5 22. a4 a6 23. Ne3 Bb3 24. Bd1 Bxd1 25. Rxd1 Bg7 26. axb5 axb5
27. Rxa8 Qxa8 28. Ra1 Qb7 29. Ra5 Ra8 30. Qd3 Rxa5 31. bxa5 Nb8 32. f5 Na6
33. Qf1 Nxc5 34. f6 Na4 35. fxg7 Nxb2 36. Qf6 b4 37. Ng4 h5 38. Nh6+ Kh7
39. g8=Q+ 1-0

[Event "Spanish Women's Championship"]
[Site "Linares"]
[Date "2017.08.22"]
[Round "2"]
[White "Redondo Benavente, Ana"]
[Black "Matnadze, Ana"]
[Result "1/2-1/2"]
[WhiteTitle "WFM"]
[BlackTitle "IM"]
[WhiteElo "2022"]
[BlackElo "2389"]
[Board "1"]
[WhiteCountry "ESP"]
[WhiteFideId "32021674"]
[WhiteEloChange "8"]
[BlackCountry "ESP"]
[BlackFideId "13601377"]
[BlackEloChange "-8"]

1. e4 c5 2. c3 d5 3. exd5 Qxd5 4. d4 g6 5. Nf3 Bg7 6. Na3 Nh6 7. Bc4 Qe4+
8. Be3 cxd4 9. Nb5 O-O 10. cxd4 Na6 11. Nc3 Qc6 12. Qb3 Nf5 13. O-O Nd6 14.
Be2 Nc7 15. Rac1 Qe8 16. Ne4 Qd8 17. Bf4 Be6 18. Qa3 Ncb5 19. Qa4 Bd7 20.
Nxd6 Nxd4 21. Qd1 Nxe2+ 22. Qxe2 exd6 23. Qd2 Bg4 24. Qxd6 Bxf3 25. Qxd8
Rfxd8 26. gxf3 Rd5 27. Rc7 b5 28. b3 a5 29. Rfc1 h5 30. R7c5 Rxc5 31. Rxc5
b4 32. Rb5 Ra7 33. Be3 Ra8 34. Bf4 Ra7 35. Be3 Ra8 36. Bf4 Ra7 37. Bb8 Ra6
38. Bc7 a4 39. Rxb4 axb3 40. axb3 Ra1+ 41. Kg2 Rb1 42. Bd6 Bc3 43. Rb8+ Kg7
44. Bf8+ Kf6 45. b4 Ke6 46. Bc5 Be5 47. Rb7 g5 48. h3 f6 49. b5 Kd5 50. Be3
h4 51. b6 Kc6 52. Re7 Kd6 53. Rf7 Kc6 54. Re7 Kd6 55. Rf7 Kc6 56. Re7 Kd6
1/2-1/2

[Event "Spanish Women's Championship"]
[Site "Linares"]
[Date "2017.08.22"]
[Round "2"]
[White "Vega Gutierrez, Sabrina"]
[Black "Gil Quilez, Sonia"]
[Result "1-0"]
[WhiteTitle "IM"]
[BlackTitle "WFM"]
[WhiteElo "2369"]
[BlackElo "2057"]
[Board "2"]
[WhiteCountry "ESP"]
[WhiteFideId "2219026"]
[WhiteEloChange "3"]
[BlackCountry "ESP"]
[BlackFideId "2263980"]
[BlackEloChange "-3"]

1. d4 d5 2. c4 c6 3. Nf3 Nf6 4. e3 e6 5. b3 Nbd7 6. Bd3 Bd6 7. Bb2 Qc7 8.
Nc3 b6 9. O-O O-O 10. Rc1 Qb8 11. cxd5 exd5 12. e4 dxe4 13. Nxe4 Bb7 14.
Nxd6 Qxd6 15. Ne5 Rfd8 16. Bf5 Qd5 17. Qc2 c5 18. f3 Nf8 19. dxc5 Ng6 20.
c6 Ba6 21. Rfd1 Qa5 22. Rxd8+ Rxd8 23. Nxg6 hxg6 24. c7 Re8 25. c8=Q Bxc8
26. Bxc8 Qg5 27. Ba6 Nd5 28. Bf1 Nf4 29. g3 Nd5 30. Rd1 Qe3+ 31. Qf2 Qg5
32. Qd4 Nf6 33. a4 Qh5 34. Kg2 Rc8 35. Bc4 g5 36. Re1 g4 37. fxg4 Qg6 38.
Re7 Qc2+ 39. Qf2 1-0

[Event "Spanish Women's Championship"]
[Site "Linares"]
[Date "2017.08.22"]
[Round "2"]
[White "Redondo Arguelles, Graciela"]
[Black "Calzetta Ruiz, Monica"]
[Result "1/2-1/2"]
[WhiteTitle "WFM"]
[BlackTitle "WGM"]
[WhiteElo "1997"]
[BlackElo "2288"]
[Board "3"]
[WhiteCountry "ESP"]
[WhiteFideId "2219824"]
[WhiteEloChange "7"]
[BlackCountry "ESP"]
[BlackFideId "2204185"]
[BlackEloChange "-7"]

1. e4 c5 2. b3 g6 3. Bb2 Nf6 4. e5 Nd5 5. Qf3 e6 6. h4 Bg7 7. h5 Nc6 8.
hxg6 hxg6 9. Rxh8+ Bxh8 10. Qe4 d6 11. Nf3 Nxe5 12. Nxe5 Bxe5 13. Bxe5 dxe5
14. Qxe5 Qf6 15. Qxf6 Nxf6 16. Nc3 Bd7 17. O-O-O Ke7 18. d4 cxd4 19. Rxd4
Rh8 20. f3 Rh1 21. Rd1 Rh2 22. Rd2 Rh1 23. Rd1 Rh2 24. Rd2 Rh1 25. Rd1
1/2-1/2

[Event "Spanish Women's Championship"]
[Site "Linares"]
[Date "2017.08.22"]
[Round "2"]
[White "Acebal Muniz, Maria Concepcion"]
[Black "Vega Gutierrez, Belinda"]
[Result "0-1"]
[BlackTitle "WIM"]
[WhiteElo "1220"]
[BlackElo "2178"]
[Board "4"]
[WhiteCountry "ESP"]
[WhiteFideId "2240491"]
[WhiteEloChange "-2"]
[BlackCountry "ESP"]
[BlackFideId "2229994"]
[BlackEloChange "2"]

1. e4 e5 2. Nf3 Nc6 3. Bc4 Nf6 4. Ng5 d5 5. exd5 Na5 6. Bb5+ c6 7. dxc6
bxc6 8. Be2 h6 9. Nf3 e4 10. Ne5 Bd6 11. d4 exd3 12. Nxd3 Qc7 13. b3 O-O
14. Bb2 Ne4 15. Nc3 Re8 16. h3 Bf5 17. O-O Rad8 18. Kh1 Be5 19. Qe1 Bxc3
20. Bxc3 Nxc3 21. Qxc3 Rxe2 22. Rae1 Rde8 23. b4 Nb7 24. b5 c5 25. Ra1 Nd6
26. a4 Ne4 27. Qb3 c4 28. Qa3 cxd3 29. cxd3 Nxf2+ 30. Kg1 Nxh3+ 31. Kh1 Qg3
32. Rg1 Nf2# 0-1

[Event "Spanish Women's Championship"]
[Site "Linares"]
[Date "2017.08.22"]
[Round "2"]
[White "Garcia Vicente, Nieves"]
[Black "Pablos Tenrero, Raquel"]
[Result "1-0"]
[WhiteTitle "WIM"]
[WhiteElo "2137"]
[BlackElo "2008"]
[Board "5"]
[WhiteCountry "ESP"]
[WhiteFideId "2201542"]
[WhiteEloChange "6"]
[BlackCountry "ESP"]
[BlackFideId "2216213"]
[BlackEloChange "-6"]

1. d4 f5 2. Nf3 Nf6 3. g3 g6 4. Bg2 Bg7 5. c4 O-O 6. Nc3 d6 7. O-O c6 8.
Bg5 h6 9. Bxf6 Rxf6 10. e4 fxe4 11. Nxe4 Rf7 12. h3 Nd7 13. Qe2 Nf6 14.
Rad1 Bd7 15. Rd2 Qc7 16. Qe3 Raf8 17. Ne1 Bf5 18. Nxf6+ Rxf6 19. Nc2 Qd7
20. Kh2 Re6 21. Qb3 Ref6 22. Ne3 Be6 23. d5 Bf7 24. Qa4 Be8 25. Qxa7 c5 26.
Qa3 h5 27. h4 Qc8 28. b4 b6 29. Qa7 Qd8 30. bxc5 Bh6 31. f4 dxc5 32. Bh3
Qd6 33. Rdf2 Kh8 34. Ng2 b5 35. Re1 R6f7 36. Re6 Qd8 37. Qxc5 bxc4 38. Qxc4
Kh7 39. Qe4 Rg8 40. f5 Rfg7 41. fxg6+ Bxg6 42. Bf5 Bxf5 43. Rxf5 1-0

[Event "Spanish Women's Championship"]
[Site "Linares"]
[Date "2017.08.22"]
[Round "2"]
[White "Prado Acebo, Ines"]
[Black "Ortin Blanco, Ainhoa"]
[Result "0-1"]
[WhiteTitle "WFM"]
[WhiteElo "2107"]
[BlackElo "1961"]
[Board "6"]
[WhiteCountry "ESP"]
[WhiteFideId "22251235"]
[WhiteEloChange "-14"]
[BlackCountry "ESP"]
[BlackFideId "32010117"]
[BlackEloChange "14"]

1. d4 Nf6 2. c4 g6 3. Nc3 Bg7 4. e4 d6 5. Nge2 Nbd7 6. f3 e5 7. Bg5 a5 8.
Qd2 h6 9. Be3 c6 10. Rd1 Nh7 11. dxe5 dxe5 12. Na4 Qe7 13. Nc5 Nb8 14. Nc3
O-O 15. N3a4 Qc7 16. Bxh6 b6 17. Nb3 Na6 18. Be3 Rb8 19. Qf2 c5 20. Nc3 Nb4
21. h4 f5 22. a3 Nc6 23. exf5 Bxf5 24. Bd3 Nd4 25. Nd5 Qd7 26. Bxf5 gxf5
27. Nxd4 cxd4 28. Bg5 Rf7 29. Qd2 b5 30. Qxa5 bxc4 31. Qc5 Nxg5 32. hxg5
Rb5 33. Qxc4 Qxd5 34. Qc8+ Rf8 35. Qa6 Rxb2 36. Qg6 Qa5+ 37. Kf1 Qb5+ 38.
Kg1 Qe2 39. Qh7+ Kf7 40. Qh3 Qxd1+ 41. Kh2 Qd2 0-1

[Event "Spanish Women's Championship"]
[Site "Linares"]
[Date "2017.08.22"]
[Round "2"]
[White "Hernandez Estevez, Yudania"]
[Black "Perera Borrego, Maria Adela"]
[Result "0-1"]
[WhiteTitle "WIM"]
[BlackTitle "WFM"]
[WhiteElo "2211"]
[BlackElo "2116"]
[Board "7"]
[WhiteCountry "ESP"]
[WhiteFideId "2219344"]
[WhiteEloChange "-13"]
[BlackCountry "ESP"]
[BlackFideId "22238255"]
[BlackEloChange "13"]

1. e4 e6 2. d4 d5 3. Nc3 Nf6 4. e5 Nfd7 5. f4 c5 6. Nf3 Nc6 7. Be3 Be7 8.
Qd2 O-O 9. Nd1 cxd4 10. Nxd4 Nxd4 11. Bxd4 f6 12. exf6 Bxf6 13. Nf2 Qc7 14.
Bxf6 Nxf6 15. O-O-O Bd7 16. g3 b5 17. Bh3 a5 18. Rhe1 Ra6 19. Re3 Rc6 20.
Kb1 Rc8 21. Rc1 b4 22. Bf1 Qb6 23. g4 Be8 24. Bd3 Nd7 25. Rh3 Nf8 26. Re1
a4 27. f5 e5 28. Rxe5 b3 29. axb3 axb3 30. c3 Qa5 31. Nd1 Rc4 32. Kc1 Ra4
33. Bb1 Bf7 34. Re7 Rxg4 35. Qe2 Qa4 36. Rg3 Qf4+ 37. Qe3 Rh4 38. Qxf4 Rxf4
39. Bd3 Re8 40. Rb7 Re1 41. Kd2 Rh1 42. Rxb3 d4 43. Rb7 Rxh2+ 44. Ke1 Rh1+
45. Kd2 g6 46. cxd4 Rxd4 47. Kc3 Rd6 48. Ne3 Rc1+ 49. Kd2 Ra1 50. Ng4 Bc4
51. Nf6+ Rxf6 52. Bxc4+ Kh8 53. fxg6 Rxg6 54. Rh3 Ra8 55. b4 Rg7 56. Rxg7
Kxg7 57. b5 Kf6 58. Rh6+ Ke5 59. Kc3 Ra7 60. Kb4 Kf5 61. b6 Rb7 62. Bd5 Rb8
63. Rc6 Ke5 64. Kc4 h5 65. Rh6 0-1

[Event "Spanish Women's Championship"]
[Site "Linares"]
[Date "2017.08.22"]
[Round "2"]
[White "Rodriguez Redondo, Adhara"]
[Black "Vicens Company, Maria Antonia"]
[Result "1-0"]
[WhiteElo "1726"]
[BlackElo "1838"]
[Board "8"]
[WhiteCountry "ESP"]
[WhiteFideId "32065698"]
[WhiteEloChange "13"]
[BlackCountry "ESP"]
[BlackFideId "2280680"]
[BlackEloChange "-13"]

1. e4 Nf6 2. e5 Nd5 3. d4 d6 4. c4 Nb6 5. exd6 exd6 6. Nc3 Nc6 7. h3 Be7 8.
Nf3 Bf5 9. a3 O-O 10. Be2 Bf6 11. O-O Na5 12. b3 c5 13. Be3 Nc6 14. Rc1
cxd4 15. Nxd4 Nxd4 16. Bxd4 Bg5 17. f4 Bh4 18. Kh2 Re8 19. Bf3 Bc8 20. Qd3
Nd7 21. b4 a6 22. Ne4 Nf6 23. Bxf6 Bxf6 24. Qxd6 Bb2 25. Qxd8 Rxd8 26. Rb1
Bd4 27. Rbd1 Be6 28. c5 Bb2 29. Nd6 Bxa3 30. Bxb7 Rab8 31. c6 Rxb7 32. Nxb7
Rc8 33. Rd8+ Rxd8 34. Nxd8 Bc8 35. Rb1 Kf8 36. c7 Ke8 37. Rd1 Bd7 38. Nc6
f6 39. Nb8 Be6 40. Rd8+ Kf7 41. Nxa6 Ke7 42. c8=Q 1-0